Ayyanu's book of impressive essays: (Record no. 157736)

MARC details
000 -LEADER
fixed length control field 00626nam a22001817a 4500
005 - DATE AND TIME OF LATEST TRANSACTION
control field 20180927160019.0
010 ## - LCCN (DPL NO)
LC control number ENG-124095
020 ## - INTERNATIONAL STANDARD BOOK NUMBER
Terms of availability 260.00
035 ## - SYSTEM CONTROL NUMBER
System control number EN-107627
037 ## - SOURCE OF ACQUISITION
Source of stock number/acquisition DBAD/PUB
082 ## - DEWEY DECIMAL CLASSIFICATION NUMBER
Classification number 808.84
245 ## - TITLE STATEMENT
Title Ayyanu's book of impressive essays:
Statement of responsibility, etc ed. by Shrinivasan S. Raghavan
Remainder of title collection of english essays for academic and competitive exams. /
260 ## - PUBLICATION, DISTRIBUTION, ETC. (IMPRINT)
Date of publication, distribution, etc 2016
Place of publication, distribution, etc Channai
Name of publisher, distributor, etc AKS Books World
270 ## - ADDRESS
City Channai
Address New No.-12,Old No.-28,Souderrajan Street, T. Nagar,
Postal code 600017
300 ## - PHYSICAL DESCRIPTION
Extent 224p.
Dimensions 20cm.(pbk)
700 ## - ADDED ENTRY--PERSONAL NAME
Personal name Raghavan, Srinivasan S.
942 ## - ADDED ENTRY ELEMENTS (KOHA)
Source of classification or shelving scheme Dewey Decimal Classification
Item type English Books
Classification part 808.84
Call number suffix AYY
Holdings
Withdrawn status Lost status Not for loan Collection code Home library Current library Date acquired Source of acquisition Cost, normal purchase price Full call number Barcode Copy number Cost, replacement price Koha item type
    Not For Loan Non-fiction D.B.Act.Division Sarojini Nagar 27/09/2018 DBAD/PUB. 260.00 808.84 AYY EN-107627 1 260.00 English Books

© Delhi Public Library
Hit Counter
free hit counter